| 000 | 00424nam a22001337a 4500 | ||
|---|---|---|---|
| 082 |
_aS 294.5921 _bKES/S |
||
| 100 |
_aKeshav Prasad Mishra _91693 |
||
| 245 |
_aSattrinsat Bhargavanam vedopabrimhane yogastesam parichayascha/ _cby Keshav Prasad Mishra. |
||
| 260 |
_aChhatarpur: _bRishi Gotam Vaidic Research Institute, _c2006. |
||
| 300 | _a330p. | ||
| 650 |
_aVedic Literature _91694 |
||
| 650 |
_aReligion _91695 |
||
| 942 | _cBK | ||
| 999 |
_c61501 _d61501 |
||